Old cities, new predicaments (Record no. 613312)

MARC details
000 -LEADER
fixed length control field 00808nam a2200253Ia 4500
003 - CONTROL NUMBER IDENTIFIER
control field OSt
005 - DATE AND TIME OF LATEST TRANSACTION
control field 20220926005244.0
008 - FIXED-LENGTH DATA ELEMENTS--GENERAL INFORMATION
fixed length control field 220923b |||||||| |||| 00| 0 eng d
020 ## - INTERNATIONAL STANDARD BOOK NUMBER
International Standard Book Number 8170362024
037 ## - SOURCE OF ACQUISITION
Terms of availability General Book
040 ## - CATALOGING SOURCE
Original cataloging agency RTL
Transcribing agency RTL
Language of cataloging eng
041 ## - LANGUAGE CODE
Source of code eng
Language code of text/sound track or separate title eng
100 ## - MAIN ENTRY--PERSONAL NAME
Personal name NAIDU Ratna
245 #0 - TITLE STATEMENT
Title Old cities, new predicaments
Remainder of title A study of Hyderabad
260 ## - PUBLICATION, DISTRIBUTION, ETC.
Place of publication, distribution, etc. New Delhi
Name of publisher, distributor, etc. Sage Publications India Pvt. Ltd.
Date of publication, distribution, etc. 1990
300 ## - PHYSICAL DESCRIPTION
Extent 177p
Dimensions cm.
500 ## - GENERAL NOTE
General note Glossary: P 171
650 ## - SUBJECT ADDED ENTRY--TOPICAL TERM
Topical term or geographic name entry element Sociolology
9 (RLIN) 230864
942 ## - ADDED ENTRY ELEMENTS (KOHA)
Classification part Y33:4.225.N8, N0
Koha item type General Books
Source of classification or shelving scheme Colon Classification (CC)
Holdings
Withdrawn status Lost status Damaged status Not for loan Home library Current library Date acquired Source of acquisition Cost, normal purchase price Total Checkouts Full call number Barcode Date last seen Cost, replacement price Price effective from Koha item type
        Ratan Tata Library Ratan Tata Library 2022-09-26 2852, 14/09/2007, RAJKIRAN BOOK AGENCY 1000.00   Y33:4.225.N8 N0 RT1388201 2022-09-26 1000.00 2022-09-26 General Books
Copyright @ Delhi University Library System